| 000 | 01171cam a2200217 4500 | ||
|---|---|---|---|
| 001 | WB4017-06 | ||
| 008 | 040505n2004 000 0 eng u | ||
| 035 | _a(Sirsi) u126085 | ||
| 245 | _aRight of access timetable released | ||
| 260 | _c2004 | ||
| 490 |
_aDEFRA News Release _v(163/04) 29 April 2004 (2) |
||
| 520 | _aA regional timetable has been announced which will enable the public to roam previously off-limits countryside. Under the Countryside and Rights of Way Act 2000 the process of allowing this access is being introduced in a rolling programme, rather than waiting for mapping and appeals processes to be completed. The first two areas to be opened are the southeast and the lower northwest on 19 September 2004, coinciding with National Walking Day. The last area will be the east of England in November 2005. More information is available at http://www.openaccess.gov.uk. http://www.defra.gov.uk/news/2004/040429c.htm | ||
| 590 | _aWB | ||
| 590 | _aWB | ||
| 650 | _aCOUNTRYSIDE AND RIGHTS OF WAY ACT 2000 | ||
| 650 | _aRIGHTS OF WAY | ||
| 650 | _aRIGHT TO ROAM | ||
| 650 | _aPUBLIC ACCESS | ||
| 690 | _aENVIRONMENT-MANAGEMENT | ||
| 942 | _n0 | ||
| 999 |
_c117282 _d117282 |
||